| 000 | 01028cab a2200325 4500 | ||
|---|---|---|---|
| 001 | WB3108-13 | ||
| 008 | 090401t1995 xxu||||| |||| 00| 0 eng d | ||
| 035 | _a(Sirsi) u9517 | ||
| 041 | _aeng | ||
| 245 | _aReading the property market | ||
| 260 | _c1995 | ||
| 350 | _a0 | ||
| 490 |
_aIndependent _v23 February 1995, 40 |
||
| 490 |
_aProperty Week _v50(8) 23 February 1995, 14(2) |
||
| 520 | _aThe current flat property market looks likely to be the sort of market surveyors will be dealing with in the future. The boom of the late 80s is described as an `aberration`. | ||
| 650 | _aCONSOLIDATION | ||
| 650 | _aFORECAST | ||
| 650 | _aGILTS | ||
| 650 | _aINSTITUTIONAL INVESTMENT | ||
| 650 | _aINVESTMENT | ||
| 650 | _aLEGAL AND GENERAL | ||
| 650 | _aMERGERS | ||
| 650 | _aPROPERTY MARKET | ||
| 650 | _aPROPERTY YIELDS | ||
| 650 | _aSURVEYORS | ||
| 690 | _aPROPERTY-COMMERCIAL PROPERTY-COMMERCIAL PROPERTY FINANCE AND INVESTMENT | ||
| 690 | _aFINANCE AND INVESTMENT | ||
| 942 | _n0 | ||
| 948 | _c04/03/1997 | ||
| 999 |
_c5957 _d5957 |
||